| 000 | 00511nam a2200157 i 4500 | ||
|---|---|---|---|
| 001 | 60331 | ||
| 003 | ES-MaACL | ||
| 005 | 20230906164218.0 | ||
| 007 | t| | ||
| 008 | 031104s1972 sp ||||1| spa d | ||
| 245 | 0 | 3 |
_aLa esperanza en la Biblia _b: XXX Semana Bíblica Española (Madrid, 21-25 sept. 1970). |
| 260 |
_aMadrid : _bInstituto Francisco Suárez, _c1972. |
||
| 300 |
_a456 p. ; _c26 cm. |
||
| 711 | 2 |
_aSemana bíblica española ( _n30ª. _d1970. _cMadrid) _9974 |
|
| 852 |
_aES-MaACL _jC-43432 _bR.82716 |
||
| 999 |
_c60331 _d60331 |
||